Foundations of MEMS / (Record no. 16490)
[ view plain ]
| 000 -LEADER | |
|---|---|
| fixed length control field | 00966nam a22002537a 4500 |
| 005 - DATE AND TIME OF LATEST TRANSACTION | |
| control field | 20120219165115.0 |
| 008 - FIXED-LENGTH DATA ELEMENTS--GENERAL INFORMATION | |
| fixed length control field | 120219s2012 nju|||||r|||| 001 0 eng d |
| 020 ## - INTERNATIONAL STANDARD BOOK NUMBER | |
| International Standard Book Number | 0273752243 |
| 020 ## - INTERNATIONAL STANDARD BOOK NUMBER | |
| International Standard Book Number | 9780273752240 |
| 082 ## - DEWEY DECIMAL CLASSIFICATION NUMBER | |
| Edition number | 22 |
| Classification number | 621.3 |
| Item number | LIU |
| 100 ## - MAIN ENTRY--PERSONAL NAME | |
| 9 (RLIN) | 29008 |
| Personal name | Liu, Chang |
| 245 ## - TITLE STATEMENT | |
| Title | Foundations of MEMS / |
| Statement of responsibility, etc | Chang Liu. |
| 250 ## - EDITION STATEMENT | |
| Edition statement | 2nd ed. / |
| Remainder of edition statement | international edition contributions by Vaishali B. Mungurwadi, Anil V. Nandi. |
| 260 ## - PUBLICATION, DISTRIBUTION, ETC. (IMPRINT) | |
| Place of publication, distribution, etc | Upper Saddle River : |
| Name of publisher, distributor, etc | Prentice Hall, |
| Date of publication, distribution, etc | c2012. |
| 300 ## - PHYSICAL DESCRIPTION | |
| Extent | 576 p. : |
| Other physical details | ill ; |
| Dimensions | 23 cm. |
| 500 ## - GENERAL NOTE | |
| General note | "International edition". |
| 504 ## - BIBLIOGRAPHY, ETC. NOTE | |
| Bibliography, etc | Includes bibliographical references and index. |
| 650 ## - SUBJECT ADDED ENTRY--TOPICAL TERM | |
| 9 (RLIN) | 27647 |
| Topical term or geographic name as entry element | Microelectromechanical systems. |
| 653 ## - INDEX TERM--UNCONTROLLED | |
| Resource For college | |
| Arrived date list | February2012 |
| 700 ## - ADDED ENTRY--PERSONAL NAME | |
| 9 (RLIN) | 29009 |
| Personal name | Mungurwadi, Vaishali B. |
| 700 ## - ADDED ENTRY--PERSONAL NAME | |
| 9 (RLIN) | 29010 |
| Personal name | Nandi, Anil V. |
| 942 ## - ADDED ENTRY ELEMENTS (KOHA) | |
| Source of classification or shelving scheme | Dewey Decimal Classification |
| Item type | Book - Borrowing |
| Withdrawn status | Item status | Source of classification or shelving scheme | Damaged status | Not for loan | Vendor | Home library | Current library | Shelving location | Date acquired | Source of acquisition | Cost, normal purchase price | Serial Enumeration / chronology | Total Checkouts | Total Renewals | Full call number | Barcode | Date last seen | Date last borrowed | Koha item type |
|---|---|---|---|---|---|---|---|---|---|---|---|---|---|---|---|---|---|---|---|
| Dewey Decimal Classification | Alahram | Central Library | Central Library | First floor | 19/02/2012 | 199.00 | 681 | 2 | 13 | 621.3 LIU | 000026148 | 15/07/2025 | 24/09/2018 | Book - Borrowing |